[Event "Novgorod"]
[Site "Novgorod"]
[Date "1994.??.??"]
[Round "6"]
[White "Shirov, Alexei"]
[Black "Kasparov, Garry"]
[Result "1/2-1/2"]
[WhiteElo "2740"]
[BlackElo "2805"]
[Annotator "Kharitonov,A"]
[PlyCount "95"]
[EventDate "1994.08.??"]
[EventType "tourn"]
[EventRounds "10"]
[EventCountry "RUS"]
[EventCategory "19"]
[SourceTitle "CBM 043"]
[Source "ChessBase"]
[SourceDate "1994.12.01"]
[SourceVersion "1"]
[SourceVersionDate "1994.12.01"]
[SourceQuality "1"]

1. e4 {Boensch} c5 2. Nf3 Nc6 3. d4 cxd4 4. Nxd4 e6 5. Nc3 d6 6. g4 a6 (6... h6
7. h4 a6 8. Bg2 Be7 9. Be3 Nxd4 10. Qxd4 e5 11. Qd1 Be6 12. Nd5 Rc8 13. c3 Nf6
14. Nxe7 Qxe7 $13 {Karpov,A-Kasparov,G (14)/ Wch-KK2 Moscow/ 1985/ 1/2-1/2/ 32}
) (6... Nge7 7. Be3 a6 8. Qe2 Nxd4 9. Bxd4 Nc6 10. Be3 b5 (10... Be7 {Boensch}
11. O-O-O b5 12. f4 Qa5 13. Qf2 Rb8 14. Kb1 O-O 15. g5 Bd7 16. h4 Rfc8 17. h5
Nb4 18. Bd2 Qb6 {1/2 Luther,T-Vogt,L Altensteig (01) 1992}) 11. Bg2 Bb7 12. h4
$13 {Todorovic,G-Cebalo,M/JUG/1988/1:0 (58)}) (6... Be7 7. Be3 a6 8. Qe2 Nxd4
9. Bxd4 e5 10. Be3 Nf6 11. Rg1 Be6 12. g5 Nd7 13. O-O-O Qa5 $10 {Luther,
T-Stoica,V/Eforie-Nord/1989/1/2-1/2/ 59}) 7. Be3 Nge7 8. Nb3 b5 (8... Ng6 9.
Qe2 Be7 10. O-O-O b5 11. f4 h6 12. Qf2 Bd7 13. Kb1 Rb8 14. Be2 $14 {Bologan,
V-Frolov,A/Moscow(URS-ch)/1991/1:0 (41)} (14. Be2 {Boensch} Na5 15. Nxa5 Qxa5
16. Bd3 $14 {Bologan,V-Frolov,A URS-ch (07) 1991 1-0 40})) 9. f4 $146 (9. Qe2
Na5 10. O-O-O (10. Bg2 {Boensch} Bb7 11. Nxa5 Qxa5 12. f4 Nc6 13. O-O Be7 $14 {
Lanka,Z-Yermolinsky,A/ Luzern WchT/ 1993/ 1/2- 1/2/ 26}) 10... Nc4 11. f4 Qc7
12. Rd4 (12. Kb1 $5) 12... Bb7 13. Rxc4 $5 Qxc4 14. Qxc4 bxc4 15. Bxc4 Nc6 16.
f5 Ne5 17. Na5 $2 (17. Be2 $8 Be7 18. Na5 Bc8 19. Na4 Bd8 20. Nb6 Bxb6 21. Bxb6
h5 $1 $15 {Salov}) 17... Nxc4 18. Nxc4 Rc8 19. Na5 Rxc3 20. bxc3 Bxe4 $17 {
Shirov,A-Salov,V/Linares/1993/0:1 (40)}) 9... Bb7 10. Qf3 (10. Bg2 Na5 (10...
Ng6 $5) 11. Nxa5 Qxa5 12. Qd2) 10... Na5 $1 (10... b4 $2 {Boensch} 11. Na4 Nc8
12. O-O-O $16) 11. O-O-O (11. Nxa5 Qxa5 {/\ b4|^}) 11... Nxb3+ (11... Nc4 $2 {
Boensch} 12. Bxc4 bxc4 13. Nc5 Rb8 14. f5 $16) 12. axb3 $2 (12. cxb3 $5 Rc8 13.
Kb1 Nc6 $13) 12... Rc8 13. h4 Nc6 14. g5 (14. Kb1 Nb4 $1) 14... Qa5 15. Kb1 Nb4
16. Bd4 (16. Qf2 Bxe4 17. Nxe4 Qa2+ 18. Kc1 Qa1+ 19. Kd2 Rxc2+ 20. Ke1 Qxb2 $17
) 16... d5 $1 (16... Nxc2 $2 {Boensch} 17. Kxc2 b4 18. Ra1 $1 Qc7 19. Bxa6 $18)
17. f5 $5 (17. exd5 Bxd5 $19) (17. e5 Bc5 (17... Nc6 {Boensch} 18. Ne2 (18. Bf2
Be7 $15) 18... Nxd4 19. Nxd4 Bc5 $15) 18. Qf2 (18. Qe3 Qa1+ 19. Kxa1 Nxc2+ 20.
Kb1 Nxe3 $17) 18... Bxd4 19. Qxd4 O-O) 17... dxe4 18. Qh3 (18. Qf4 e3 19. fxe6
fxe6 20. Qxe3 Qa1+ 21. Kxa1 Nxc2+ 22. Ka2 Nxe3 23. Bxe3 Bxh1 $17) (18. Qe3 $2 {
Boensch} exf5 19. Bh3 (19. Bb6 $2 Rxc3 20. Rd8+ Ke7 21. Qxc3 (21. Rd7+ Ke6 $1
$19) 21... Qxb6 22. Rxf8 Qd6 $1 $19) 19... Rxc3 $1 20. Qxc3 (20. Bxc3 Qa1+ 21.
Kxa1 Nxc2+ 22. Ka2 Nxe3 $19) 20... Qa2+ 21. Kc1 Nd5 $17) (18. Qf4 $5 {Boensch})
18... Bd6 $1 (18... e3 $2 19. fxe6 Rxc3 20. exf7+ Kxf7 (20... Ke7 21. Bc5+ $1
Kxf7 22. Qf5+ $18) 21. Bc4+ $1 bxc4 22. Rhf1+ Ke8 (22... Ke7 23. Bc5+ Qxc5 24.
Qd7#) (22... Kg6 23. h5+ Kxg5 24. Rg1+ Kh6 25. Qe6+ g6 26. Rxg6+ $18) 23. Qe6+
Be7 24. Qf7+ Kd7 25. Bb6+ $18) 19. Qe3 (19. fxe6 Rxc3 $1 20. exf7+ Ke7 21. Qxc3
Qa2+ 22. Kc1 Nd5 23. Bf6+ gxf6 24. Rxd5 Bxd5 25. Qxf6+ Kd7 26. Bh3+ (26. Qxh8
Bf4+ 27. Kd1 Qb1+ 28. Ke2 Qxc2+ $19) 26... Kc6 27. Qxh8 (27. Rd1 e3 $19) 27...
Bf4+ 28. Kd1 Qb1+ 29. Ke2 Qxc2+ 30. Kf1 Qd1+ $19) 19... exf5 $17 20. Bh3 (20.
Bxg7 f4 21. Qd4 Rxc3 22. Qxc3 Qa2+ 23. Kc1 e3 $19) 20... O-O (20... Rxc3 $2 21.
Bxc3 (21. Qxc3 $2 Qa2+ 22. Kc1 Nd5 $19) 21... Qa2+ 22. Kc1 f4 (22... Nd5 {
Boensch} 23. Rxd5 Bxd5 24. Rd1 f4 25. Qa7 $18) 23. Qb6 e3 24. Bd7+ $1 Kxd7 25.
Qxb7+ Ke8 (25... Ke6 26. Rxd6+ Kxd6 27. Rd1+ Kc5 28. Qc7+ Nc6 29. b4+ $18) 26.
Qc8+ Ke7 27. Bf6+ gxf6 28. gxf6+ Kxf6 29. Rxd6+ Ke5 (29... Ke7 30. Qc7+ Kf8 31.
Qd8+ $18) 30. Qc5+ Ke4 31. Rd4+ Kf3 32. Qh5+ $18) (20... f4 $1 {Boensch} 21.
Qe1 (21. Bxc8 fxe3 22. Bxb7 Qc7 23. Bxe4 O-O $17) (21. Qe2 Rxc3 22. bxc3 (22.
Bxc3 Qa2+ 23. Kc1 e3 $19) 22... Qa2+ 23. Kc1 f3 $19) 21... Rxc3 22. Bxc3 Qa2+
23. Kc1 e3 $19) 21. Bxf5 Rxc3 $1 22. Bxc3 (22. Qxc3 Qa2+ 23. Kc1 Nd5 {/\ Bf4-+}
) 22... Qa2+ 23. Kc1 Nd5 24. Rxd5 (24. Bxh7+ $2 {Boensch} Kxh7 25. Qxe4+ Kg8
26. Rxd5 Bxd5 27. Qd4 (27. Qxd5 Bf4+ 28. Kd1 Qb1+ $19) 27... Bf4+ 28. Qxf4 (28.
Kd1 Qb1+ 29. Ke2 Qxc2+ $19)) 24... Qa1+ 25. Kd2 Qxh1 26. Rxd6 (26. Qd4 Bf4+ 27.
Ke2 Qg2+ 28. Ke1 Bg3+ 29. Kd1 Qf1+ 30. Kd2 Qe1#) 26... Qh2+ 27. Kc1 Qxd6 $19
28. b4 Rd8 (28... Re8 $5 {Boensch}) 29. Bg4 Bc8 (29... Qh2 $1 {Boensch} 30. Be1
(30. b3 Qxh4 $19) 30... Bc8 31. Bxc8 Rxc8 32. Qxe4 Qg1 $19) 30. Be2 Be6 $6 (
30... Bf5 31. b3 Qe6 32. Kb2 Bg4 $19) (30... Qh2 $1 $19 {Boensch}) 31. b3 Qh2
$6 (31... Bf5 $5) 32. h5 Qc7 (32... Qg2 33. Kb2 Bg4 34. Qb6 $1 Rf8 35. Qd4 f6
36. Qd5+ Kh8 37. Qd6 Kg8 38. Qd5+ $10) (32... Qh3 {Boensch} 33. Qb6 Rc8 34. Bd4
Qxb3 $19) 33. h6 $1 $132 Rc8 34. Kb2 f6 (34... gxh6 35. gxh6 f5 36. Qd4 Qxc3+
37. Qxc3 Rxc3 38. Kxc3 Kf7 39. Kd4 Kf6 40. c4 $132) 35. gxf6 gxf6 36. Qd4 Qe5
37. Qg1+ Qg5 38. Qb6 Qd5 (38... Kf7 39. Qa7+ Kg6 40. Qg7+ Kf5 41. Qxh7+ Kf4 (
41... Qg6 42. Bg4+ Kg5 43. Bd2+ $18) 42. Qe7 $13) (38... Bf5 {Boensch} 39. Qxa6
(39. Bxf6 Qd2 40. Qg1+ Bg6 41. Bd1 e3 $19) (39. Qb7 Rd8 40. Qe7 Rf8 $19) 39...
Rxc3 40. Kxc3 Qe3+ 41. Kb2 Qxe2 42. Qxf6 Qg4 $19) 39. Bg4 (39. Bxf6 $13) 39...
Bxg4 (39... Re8 40. Qc7 Bf7 41. Bxf6 $13) (39... Kf7 40. Qa7+ Ke8 41. Bxf6 Qd7
42. Bh5+ Kf8 43. Qg1 $36) (39... f5 {Boensch} 40. Bh5 Qd7 41. Be5 $1 $132 (41.
Qg1+ $2 Kf8 42. Bg7+ Ke7 43. Qg5+ Kd6 $19)) 40. Qxf6 Qd7 41. Qh8+ Kf7 42. Qxh7+
(42. Qf6+ {Boensch} Ke8 43. Qh8+ Ke7 44. Qf6+ $10) 42... Ke6 43. Qxe4+ Kf7 44.
h7 (44. Qh7+ {Boensch} Ke6 45. Qxd7+ (45. Qg6+ Kd5 46. h7 Bf5 $10) 45... Kxd7
46. h7 Kc6 47. h8=Q Rxh8 48. Bxh8 $10) 44... Bf5 45. Qf4 Qe6 (45... Rxc3 $4 {
Boensch} 46. h8=Q (46. Kxc3 $2 Qc6+ $19) 46... Rxc2+ 47. Ka3 $18) 46. h8=Q Rxh8
47. Bxh8 Qe4 48. Qc7+ (48. Qc7+ Kg6 49. Be5 $14) 1/2-1/2

[Event "World Women-ch k.o."]
[Site "Antakya"]
[Date "2010.12.08"]
[Round "2.2"]
[White "Dembo, Yelena"]
[Black "Kosintseva, Tatiana"]
[Result "1/2-1/2"]
[WhiteElo "2454"]
[BlackElo "2581"]
[Annotator "Kosintseva,T"]
[PlyCount "116"]
[EventDate "2010.12.04"]
[EventType "k.o."]
[EventRounds "6"]
[EventCountry "TUR"]
[SourceTitle "CBM 140"]
[Source "ChessBase"]
[SourceDate "2011.01.18"]
[SourceVersion "1"]
[SourceVersionDate "2011.01.18"]
[SourceQuality "1"]

{The first game of my match with Yelena Dembo went extremely badly for me.
Having reached a winning position, I committed a series of incomprehensible
mistakes, leading to a terrible defeat. As a result of this, I had to win the
second game, in order to stay alive. This game was a big fight, but
unfortunately, I did not succeed in taking advantage of the chances I had.} 1.
e4 c5 2. Nf3 e6 3. Nc3 Nc6 4. d4 cxd4 5. Nxd4 d6 {In a situation where only a
win will do, and you have the black pieces to boot, it is important to choose
an opening or a setup, where there are more chances of getting a complicated
battle. I decided to rely on the Scheveningen, counting partly on my
opponent's comparative lack of experience in playing such positions. But I too
have relatively little experience with this system, so it seemed to me that we
would face roughly equal conditions.} 6. g4 {Judging by this move, White is
also ready for a fight, which of course suited me very much! White wishes to
play the Keres Attack. However, the absence of the black knight from f6 is of
course in Black's favour, and gives him some interesting additional
possibilities in the fight against the white pawn-storm.} a6 7. Be3 Nge7 8. Nb3
b5 9. f4 Bb7 10. Rg1 $6 {According to the database, this move has not been
played before. The idea is simply to remove the rook from the x-ray along the
long diagonal, but in the process, White loses a valuable tempo.} ({White more
often plays} 10. Qd2 Na5 11. Nxa5 Qxa5 12. Bg2 {with a complicated and
interesting struggle.} ({or} 12. Qf2)) 10... Rc8 $2 {Now after 11.Qd2 Black
loses his main idea ...Na5, which I had not noticed.} ({It was essential to
play} 10... Na5 {at once, for example} 11. Qd2 Nc4 (11... Nec6 12. Nxa5 Qxa5
13. Qf2 Be7 $2 14. Bb6 Qb4 15. O-O-O $18) 12. Bxc4 bxc4 13. Nd4 d5 $13) 11. Qd2
Ng6 {A poor square for the knight, but Black has to do something.} ({Now Black
cannot play ...Na5 followed by ...Nec6, because of} 11... Na5 12. Nxb5 $1 {
with complications, which end in White's favour} Nxb3 13. Nxd6+ Qxd6 14. Qxd6
Nxa1 15. Qb6 $1 (15. Bxa6 Nxc2+ 16. Kf2 Nc6 17. Qd2 Bxa6 18. Qxc2 Be7) 15...
Nxc2+ 16. Kf2 Nxe3 (16... Bxe4 17. Bxa6 Nxe3 18. Bxc8 Nxg4+ 19. Rxg4 Nxc8 20.
Qc7 Nd6 21. Rg1 $16) 17. Qxb7 Nxf1 18. Rxf1 f6 19. Rd1 Kf7 20. Rd6 h5 21. g5
$16 {and in view of the lack of development of Black's kingside, he will not
be able to achieve normal piece coordination.}) 12. Qf2 $1 {Finally preventing
...Na5 once and for all.} (12. O-O-O Na5) 12... Qc7 ({After} 12... Be7 13.
O-O-O O-O 14. g5 {Black has nothing with which to oppose White's natural and
clear play on the kingside.}) 13. a3 {Creating something for Black to latch on
to; now in the event of long castling, Black will be able to achieve
counterplay with b4.} ({More consequent was} 13. O-O-O {, not fearing} b4 14.
Na4 Na5 (14... e5 15. f5 Nf4 16. Bxf4 exf4 17. Nb6) 15. Nb6 Nxb3+ 16. axb3 {
which gives White a clear advantage.}) 13... Be7 14. g5 (14. O-O-O Bf6) 14...
b4 15. Nd1 $2 {A serious mistake, radically changing the character of the
position, in Black's favour. White damages his pawn structure and leaves his
king in the centre.} ({It was essential to play} 15. axb4 Nxb4 16. O-O-O {
with the advantage.}) 15... bxa3 16. bxa3 ({esli} 16. Rxa3 {, to} d5 17. exd5
Nb4 18. c4 Bxd5) 16... e5 $2 {Trying to activate the knight on g6 as quickly
as possible.} ({A more subtle decision was first to transfer the other knight
to d7:} 16... Nb8 $5 17. Bd3 Nd7 18. h4 h5 {preserving the same idea, but in a
more favourable form.}) ({Also interesting was} 16... f6 $5 {with the possible
variation} 17. h4 fxg5 18. hxg5 O-O 19. Qh2 d5 20. Rh1 h6 21. gxh6 Bh4+ 22. Nf2
Nce5 $1 23. fxe5 Bxf2+ 24. Bxf2 Qc3+ $19) 17. f5 Nf4 18. c4 {I had missed this
move, with which White clamps down on the d5-square.} ({Of course, it was
wrong to grab material by} 18. Bxf4 $2 exf4 19. Qxf4 Ne5 {since Black gets
excellent compensation.}) 18... h6 $2 {Continuing to open the position.
Instead of this, it was already time to think about one's own king, before
White himself starts active operations.} (18... Bd8 $5 19. Nc3 O-O 20. h4 Re8 {
with chances for both sides.}) 19. f6 $2 {Approaching time-trouble leads to
mutual mistakes.} ({Worthy of attention was} 19. gxh6 $5 Rxh6 20. Rxg7 Bh4 21.
Rg3 Rh8 22. Nc3 $13) 19... gxf6 20. gxh6 f5 $6 {White would have been posed
greater problems by 20...Bf8.} (20... Bf8 $5 21. Nc3 Bxh6 22. Nd5 (22. Qh4 Ne7)
22... Nxd5 23. Bxh6 Rxh6 24. Rg8+ Ke7 25. Rxc8 Bxc8 26. cxd5 Nd4 27. Rc1 Qb7
28. Nxd4 exd4) 21. Nc3 (21. exf5 Bf6 (21... Rxh6) 22. Nc3 Ne7 $36) 21... fxe4
22. Bxf4 exf4 23. h7 $6 {White's idea is to play on the weakness of the back
rank, but after the correct reaction, this proves an illusion.} (23. Nd5 Qd8
24. Qxf4 {is tempting, keeping the pawn on h6, which could lead to the
following variations:} Ne5 25. O-O-O Bxd5 (25... Nxc4 26. h7 Ne3+ 27. Kb1 Nxd5
28. Rg8+ Bf8 29. Rxh8 Nxf4 30. Rxf8+ Ke7 31. h8=Q Qb6 32. Kb2 Ng6 33. Rxf7+ $18
) 26. Rxd5 Rb8 (26... Nxc4 27. h7 Rxh7 28. Qxe4 Ne5+ 29. Kb1) 27. Rxe5 dxe5 28.
Qxe5 f6 29. Qh5+ Kf8 30. h7 Bxa3+ 31. Kc2 Rxb3 32. Rg8+ Rxg8 33. hxg8=Q+ Kxg8
34. Qg6+ $11) 23... f5 $2 {A terrible mistake, caused by having too little
time to calculate the variations.} ({The only correct decision was} 23... Rxh7
24. Nd5 Qd8 {and now if} 25. Rg8+ (25. Qxf4 Rh8 26. Qxe4 Ne5 27. O-O-O Bxd5 28.
Qxd5 Bg5+ $36) 25... Bf8 26. Qxf4 {Black has} Qh4+ $1 {which I had missed} 27.
Qxh4 Rxh4 28. Nf6+ Ke7 29. Nd5+ Ke6 30. Bh3+ f5 31. Rg6+ Ke5) 24. Qxf4 $2 {
A mistake in reply.} ({A large advantage resulted from} 24. Nd5 Qd7 25. Rg8+
Kf7 26. Nb6 Qe6 27. Nxc8 Bf6 28. Rxh8 Bxh8 29. Qxf4 Bxc8 30. Qg5 $16) 24...
Rxh7 25. Qxf5 Rf7 26. Qe6 Ne5 27. O-O-O {Once again, the advantage is on
White's side. He has quite simple and clear play, whilst Black, with his king
in the centre, has to play some accurate moves, which is not easy in
conditions of extreme time-trouble. This inevitably results in mistakes.} Qb6
$2 ({The computer advises} 27... Kf8 {, but it is clear that this is not a way
to play for the win, if only because of} 28. Qh6+ Ke8 29. Qe6) 28. Rg8+ Rf8 29.
Nd5 Bxd5 30. Qxc8+ Kf7 31. Rxf8+ Bxf8 32. cxd5 $2 (32. Nd4 $18 {wins easily.})
32... Qxb3 33. Qe6+ (33. Qh3) 33... Kg7 34. Qf5 $6 {White makes his task more
difficult.} ({The simple} 34. Qh3 {led to a draw.}) 34... Qxa3+ 35. Kb1 Qb3+
36. Kc1 Be7 37. Be2 (37. Rd2 $5 Qc3+ 38. Kd1 Qa1+ 39. Kc2 $11) 37... Qe3+ 38.
Kb1 Qb6+ $2 {Missing the purely practical chance 38...Bf6.} (38... Bf6 $1 {
, which would have forced White, in great time-trouble, to find the only move}
39. Bh5 $1 {after which things would after all end in a draw, because Black is
not able to construct a mating net} (39. Rf1 Qb3+ 40. Kc1 Nd3+ 41. Bxd3 Bb2+
42. Kd2 Qxd3+ 43. Ke1 Bc3+ 44. Kf2 e3+ 45. Kg2 Qxf5 46. Rxf5 e2 $19) 39... Qb3+
(39... a5 40. Rf1) (39... Bg5 40. Rf1 Kh6 41. Bd1 $11) 40. Kc1 Nd3+ 41. Kd2
Qb2+ 42. Ke3 Bd4+ 43. Kxe4 Nf2+ 44. Kf3 Nxd1 45. Qg6+ Kh8 46. Qh6+ $11) 39. Kc2
Qc5+ 40. Kb1 Qb4+ 41. Kc2 Qc5+ 42. Kb1 Qe3 43. Rf1 a5 44. Rf2 Qb3+ 45. Kc1 Qc3+
46. Kb1 Qb4+ 47. Kc2 Qa4+ 48. Kb1 Qb3+ 49. Kc1 Qe3+ 50. Kb1 Bg5 51. Qf8+ Kh7
52. Qf5+ Kg7 53. Qf8+ Kh7 54. Qf5+ Ng6 55. Bh5 Qc1+ 56. Ka2 Qc4+ 57. Kb1 Qc1+
58. Ka2 Qc4+ 1/2-1/2